| 000 | 00621nam a2200217 a 4500 | ||
|---|---|---|---|
| 001 | 017233 | ||
| 003 | BD-ChCU | ||
| 008 | Ben | ||
| 020 | _a | ||
| 040 |
_aDLC _cDLC _dBD-ChCU |
||
| 082 | 0 | 0 | _a১৮১.৪/প্র-ব-দ |
| 100 | 1 |
_aগুপ্ত, প্রমোদ বন্দু সেন _b- |
|
| 245 | 1 | 0 |
_aদর্শনের মূলতত্ত্ব _b- |
| 250 | _a*** | ||
| 260 |
_aকলিকাতা _bবানাজর্ী পাবঃ _c১৯৯১ |
||
| 300 | _a** | ||
| 504 | _a- Biblio- | ||
| 650 | 0 |
_aদর্শন _bদর্শন |
|
| 700 | 1 | _a- | |
| 942 |
_2ddc _cBK |
||
| 999 |
_c17233 _d17233 |
||